Effect of drought on morpho-physiological traits of chickpea (Cicer arietinum L.) under non-irrigated condition / (Record no. 15926)

MARC details
000 -LEADER
fixed length control field 01120nam a22002657a 4500
003 - CONTROL NUMBER IDENTIFIER
control field BD-DhSAU
005 - DATE AND TIME OF LATEST TRANSACTION
control field 20220816145645.0
008 - FIXED-LENGTH DATA ELEMENTS--GENERAL INFORMATION
fixed length control field 220425b2018 bg bad|| |||| 000 0 eng d
040 ## - CATALOGING SOURCE
Original cataloging agency BD-DhSAU
082 ## - DEWEY DECIMAL CLASSIFICATION NUMBER
Edition number 22
Classification number 580
Item number Is41
100 ## - MAIN ENTRY--PERSONAL NAME
Personal name Islam, Md. Jahirul
Relator term Registration # 17-08264
245 ## - TITLE STATEMENT
Title Effect of drought on morpho-physiological traits of chickpea (Cicer arietinum L.) under non-irrigated condition /
Remainder of title MS thesis
Statement of responsibility, etc. Md. Jahirul Islam
260 ## - PUBLICATION, DISTRIBUTION, ETC. (IMPRINT)
Place of publication, distribution, etc. Sher-e-Bangla Agricultural Uniersity :
Name of publisher, distributor, etc. Department of Agricultural Botany ;
Date of publication, distribution, etc. December, 2018
300 ## - PHYSICAL DESCRIPTION
Extent x, 50 p. :
Other physical details ill. , charts ;
Dimensions 30 cm.
500 ## - GENERAL NOTE
General note MS thesis Department of Agricultural Botany, Faculty of Agriculture, Sher-e-Bangla Agricultural University, Dhaka, Bangladesh
590 ## - Name of Cataloguer
Name of Cataloger kobir
650 ## - SUBJECT ADDED ENTRY--TOPICAL TERM
Topical term or geographic name as entry element Agricultural Botany
650 ## - SUBJECT ADDED ENTRY--TOPICAL TERM
Topical term or geographic name as entry element Morpho-physiological traits
650 ## - SUBJECT ADDED ENTRY--TOPICAL TERM
Topical term or geographic name as entry element Cicer arietinum L.
650 ## - SUBJECT ADDED ENTRY--TOPICAL TERM
Topical term or geographic name as entry element Chickpea
700 ## - ADDED ENTRY--PERSONAL NAME
Personal name Haque, Md. Ashabul
Relator term Supervisor
700 ## - ADDED ENTRY--PERSONAL NAME
Personal name Sarkar, Shanaz
Relator term Co-Supervisor
856 ## - ELECTRONIC LOCATION AND ACCESS
Link text Online Access
Uniform Resource Identifier <a href="http://archive.saulibrary.edu.bd:8080/xmlui/handle/123456789/4068">http://archive.saulibrary.edu.bd:8080/xmlui/handle/123456789/4068</a>
942 ## - ADDED ENTRY ELEMENTS (KOHA)
Source of classification or shelving scheme Dewey Decimal Classification
Koha item type MS Level Thesis
Holdings
Withdrawn status Lost status Source of classification or shelving scheme Damaged status Not for loan Collection code Home library Branch Name Shelving location Date acquired Total Checkouts Full call number Barcode Date last seen Price effective from Koha item type
    Dewey Decimal Classification   Not For Loan Reference SAU Library SAU Library Reference 08/08/2022   580 Is41 43629 16/08/2022 16/08/2022 MS Level Thesis